Business research methods / (Record no. 3282)

000 -LEADER
fixed length control field 01263cam a2200325 a 4500
001 - CONTROL NUMBER
control field 204762
003 - CONTROL NUMBER IDENTIFIER
control field OSt
005 - DATE AND TIME OF LATEST TRANSACTION
control field 20160928104410.0
008 - FIXED-LENGTH DATA ELEMENTS--GENERAL INFORMATION
fixed length control field 990614s2000 txu b 001 0 eng
010 ## - LIBRARY OF CONGRESS CONTROL NUMBER
LC control number 99064499
020 ## - INTERNATIONAL STANDARD BOOK NUMBER
International Standard Book Number 9780030258176
040 ## - CATALOGING SOURCE
Original cataloging agency DLC
Transcribing agency DLC
Modifying agency DLC
050 00 - LIBRARY OF CONGRESS CALL NUMBER
Classification number HD30.4.Z54 2000
082 00 - DEWEY DECIMAL CLASSIFICATION NUMBER
Classification number 658.4/03/072
Edition number 21
100 1# - MAIN ENTRY--PERSONAL NAME
Personal name Zikmund, William G.
245 10 - TITLE STATEMENT
Title Business research methods /
Statement of responsibility, etc William G. Zikmund.
250 ## - EDITION STATEMENT
Edition statement 6th ed.
260 ## - PUBLICATION, DISTRIBUTION, ETC. (IMPRINT)
Place of publication, distribution, etc Fort Worth, TX :
Name of publisher, distributor, etc Dryden Press,
Date of publication, distribution, etc c2000.
300 ## - PHYSICAL DESCRIPTION
Extent xxix, 660, [46] p. :
Other physical details ill.;
Dimensions 26 cm.
440 #4 - SERIES STATEMENT/ADDED ENTRY--TITLE
Title The Dryden Press series in management
504 ## - BIBLIOGRAPHY, ETC. NOTE
Bibliography, etc Includes bibliographical references and index.
650 #0 - SUBJECT ADDED ENTRY--TOPICAL TERM
Topical term or geographic name as entry element Management
General subdivision Research.
650 #0 - SUBJECT ADDED ENTRY--TOPICAL TERM
Topical term or geographic name as entry element Business
General subdivision Research.
856 42 - ELECTRONIC LOCATION AND ACCESS
Materials specified Contributor biographical information
Uniform Resource Identifier <a href="http://www.loc.gov/catdir/enhancements/fy1514/99064499-b.html">http://www.loc.gov/catdir/enhancements/fy1514/99064499-b.html</a>
856 42 - ELECTRONIC LOCATION AND ACCESS
Materials specified Publisher description
Uniform Resource Identifier <a href="http://www.loc.gov/catdir/enhancements/fy1514/99064499-d.html">http://www.loc.gov/catdir/enhancements/fy1514/99064499-d.html</a>
856 41 - ELECTRONIC LOCATION AND ACCESS
Materials specified Table of contents only
Uniform Resource Identifier <a href="http://www.loc.gov/catdir/enhancements/fy1514/99064499-t.html">http://www.loc.gov/catdir/enhancements/fy1514/99064499-t.html</a>
906 ## - LOCAL DATA ELEMENT F, LDF (RLIN)
a 7
b cbc
c orignew
d 2
e opcn
f 19
g y-gencatlg
942 ## - ADDED ENTRY ELEMENTS (KOHA)
Source of classification or shelving scheme
Koha item type Book
Holdings
Withdrawn status Lost status Source of classification or shelving scheme Damaged status Not for loan Home library Current library Shelving location Date acquired Total Checkouts Full call number Barcode Date last seen Date checked out Copy number Price effective from Koha item type
          Riara University Library Riara University Library General stack 28/09/2016 1 HD30.4.Z54 2000 8270/16 29/06/2023 13/06/2023 C.1 28/09/2016 Book

Riara University Library,
P.O. Box 49940-00100,
Nairobi, Kenya.